000 02122nam a2200325Ia 4500
999 _c54231
_d54231
001 21287
003 GE_BSU
005 20211019172623.0
008 181216s2012||||ge |||||||||||||| ||geo||
020 _a9789941173806
040 _cGE_BSU
041 _ageo
080 _a338.2 გ-45
100 _aგველესიანი, რევაზ
_93195
245 _aძირითად საზოგადოებრივ ღირებულებებთან ეკონომიკურ - პოლიტიკური გადაწყვეტილებების შესაბამისობა /
_cრევაზ გველესიანი, ირინა გოგორიშვილი ; რედაქტორი ელგუჯა მექვაბიშვილი.
264 _aთბილისი :
_bუნივერსალი,
_c2012.
300 _a277 გვ. ;
_c25 სმ.
504 _aბიბლიოგრაფია გვ. 269-277
541 _h30ლ.
653 _aეკონომიკა
653 _aეკონომიკური პოლიტიკა
653 _aსაზოგადოებრივი ღირებულებები
653 _aძირითადი საზოგადოებრივი ღირებულებები
653 _aეკონომიკურ-პოლიტიკური გადაწყვეტილებების მიღების საფუძვლები
653 _aეკონომიკური პოლიტიკის თეორიის ძირითადი მოთხოვნები
700 _aგოგორიშვილი, ირინა
_eავტორი
_9850
700 _aმექვაბიშვილი, ელგუჯა
_eრედაქტორი
_912692
710 _bივანე ჯავახიშვილის სახელობის თბილისის სახელმწიფო უნივერსიტეტი
_912693
942 _cBK
_2udc